000 00720cam a2200229 a 4500
001 000008074
005 20200929154424.0
008 900327s1989 sp 000 f spa
020 _a8432068179
040 _aDO-SdBNP
_cDLC
082 _a863.64
_bM951u
100 1 _aMúgica, Daniel,
_d1967-
_921981
245 1 0 _aUno se vuelve loco /
_cDaniel Múgica.
260 _aBarcelona (España) :
_bPlaneta,
_c1989.
300 _a201 p. ;
_c21 cm.
490 1 _aAutores españoles e hispanoamericanos
586 _aPremio Ateneo Sevilla, 1989
650 4 _aNovela española
_91123
650 4 _aLiteratura española
_9632
830 0 _aAutores españoles e hispanoamericanos.
_95042
910 _aCatalogación por copia / LC
999 _c7851
_d7851